| 000 | 00697nam a2200241 a 4500 | ||
|---|---|---|---|
| 001 | BRL_589 | ||
| 005 | 20190320210819.0 | ||
| 008 | 060913t1963----nyu#######---#000-0#eng-# | ||
| 041 | _aeng | ||
| 044 | _anyu | ||
| 050 | 4 |
_aPZ3 _b.P67 1963 |
|
| 100 | 1 |
_aPorter, Katherine Anne _d1890-1980 _924369 |
|
| 245 | 1 | 0 |
_aShip of fools _cKatherine Anne,Porter |
| 260 |
_aNueva York _bThe New American Library of world literature, Inc _c1963 |
||
| 300 |
_a476 p. _c18 cm. |
||
| 440 | 0 |
_aA signet Book. _924370 |
|
| 500 | _aAu681 | ||
| 650 | 1 | 4 |
_aNovela estadounidense _xFicción _924371 |
| 650 | 1 | 4 |
_aViajes por mar _xFicción _924372 |
| 650 | 1 | 4 |
_aBarcos _xFicción _924373 |
| 902 | _aGRL | ||
| 942 |
_2lcc _cB |
||
| 999 |
_c9401 _d9401 |
||